Môj prísne tajný zápisník

Bibliographic Details
Other Authors: Sobolíková, Lenka (Translator)
Format: Book
Language:Slovak
English
PhysicalDescription:96 strán farebné ilustrácie 20 cm 1 obojstranné pero s neviditeľným atramentom a UV svetlom
Published: Bratislava Ikar, a.s. - Stonožka 2021
Subjects:

MARC

LEADER 00000nam a2200000 4500
001 vtls012054491
003 SK-MaSNL
005 20260302052310.0
008 210518s2021 xo a b 000 0 slo
015 |a SNBA2021/05 
020 |q (viazané) 
040 |a SNK  |b slo  |c SNK  |e rda 
041 1 |a slo  |h eng 
044 |a xo  |c SK 
072 7 |a 821-93  |x Literatúra pre deti a mládež (beletria)  |2 konspekt 
080 |a 821-93  |2 2011 
080 |a 316.346.2-055.15  |2 2011 
080 |a 316.728  |2 2011 
080 |a 379.81/.84  |2 2011 
080 |a 159.923.2  |2 2011 
080 |a 159.954  |2 2011 
080 |a (059.3)  |2 2011 
245 0 0 |a Môj prísne tajný zápisník 
264 1 |a Bratislava  |b Ikar, a.s. - Stonožka  |c 2021 
300 |a 96 strán  |b farebné ilustrácie  |c 20 cm  |e 1 obojstranné pero s neviditeľným atramentom a UV svetlom 
336 |a text  |b txt  |2 rdacontent 
336 |a trojrozmerná forma  |b tdf  |2 rdacontent 
337 |a bez média  |b n  |2 rdamedia 
338 |a zväzok  |b nc  |2 rdacarrier 
338 |a objekt  |b nr  |2 rdacarrier 
500 |a Preložené pravdepodobne z angličtiny 
500 |a Pero vložené v plastovom puzdre vo výreze obálky 
500 |a Preklad Lenka Sobolíková 
521 8 |a Pre deti od 6 rokov 
650 0 7 |a chlapci  |2 SNKPH  |9 776 
650 0 7 |a životný štýl  |2 SNKPH  |9 1704 
650 0 7 |a záujmy a záľuby  |2 SNKPH  |9 74926 
650 0 7 |a sebapoznanie  |2 SNKPH  |9 4292 
650 0 7 |a kreativita  |2 SNKPH  |9 4339 
650 0 7 |a Boys  |2 SNKPHeng  |9 327815 
650 0 7 |a Life style  |2 SNKPHeng  |9 275468 
650 0 7 |a Amusement and recreation  |2 SNKPHeng  |9 338037 
650 0 7 |a Self-consciousness  |2 SNKPHeng  |9 281701 
650 0 7 |a Creative ability  |2 SNKPHeng  |9 274857 
655 7 |a zápisníky  |2 SNKPH  |9 90342 
655 7 |a publikácie pre deti  |2 SNKPH  |9 70148 
655 7 |a Children's literature  |2 SNKPHeng  |9 276039 
655 7 |a Notebooks  |2 SNKPHeng  |9 332600 
700 1 |a Sobolíková, Lenka  |4 trl  |9 348900 
958 |a DB 
968 |b ENG 
999 |c 1104613  |d 1106543 
952 |a SNK  |b SNK  |y PREZ  |7 0  |p 17A1453302  |o snkOSD 10562  |i snk2021/4898  |8 0  |3 Dokument obsahuje prílohu: 1 obojstranné pero s neviditeľným atramentom  |0 0  |1 0  |4 0  |d 2021-05-18  |l 0  |r 2026-02-24 17:42:01  |w 2026-02-24 
952 |a SNK  |b SNK  |y PREZ  |7 0  |p 17A1453303  |o snkOSD 10562/príl.  |i snk2021/4898  |8 0  |z Príl.: 1 obojstranné pero s neviditeľným atramentom  |0 0  |1 0  |4 0  |d 2021-05-18  |l 0  |r 2026-02-24 17:42:01  |w 2026-02-24 
952 |a SNK  |b SNK  |y PREZ  |7 0  |p 17A1453369  |o snkOSD 10562 D1  |i snk2021/4899  |8 0  |3 Dokument obsahuje prílohu: 1 obojstranné pero s neviditeľným atramentom  |0 0  |1 0  |4 0  |d 2021-05-18  |l 0  |r 2026-02-24 17:42:01  |w 2026-02-24 
952 |a SNK  |b SNK  |y PREZ  |7 0  |p 17A1453370  |o snkOSD 10562/príl. D1  |i snk2021/4899  |8 0  |z Príl.: 1 obojstranné pero s neviditeľným atramentom  |0 0  |1 0  |4 0  |d 2021-05-18  |l 0  |r 2026-02-24 17:42:01  |w 2026-02-24